MARC

LEADER 00000nam0a2200000 4500
001 24085
005 20231101205605.0
010 |a 5733300221 
035 |a (RuTPU)RU\TPU\book\24311 
035 |a BOOK00024384 
090 |a 24085 
100 |a 20011209d2000 k y0rusy50 ca 
101 1 |a rus  |c eng 
102 |a RU 
105 |a y z 000zy 
200 1 |a Теории сознания  |e пер. с англ.  |f С. Прист 
210 |a Москва  |c Идея-Пресс  |c Дом интеллектуальной книги  |d 2000 
215 |a 288 с. 
606 1 |a Обыденное сознание  |2 stltpush  |3 (RuTPU)RU\TPU\subj\46715  |9 65830 
610 1 |a философия 
610 1 |a сознание 
610 1 |a дуализм 
610 1 |a идеализм 
610 1 |a материализм 
610 1 |a феноменология 
610 1 |a функционализм 
686 |a Ю212.2  |v LBC/SL-A  |2 rubbk 
700 1 |a Прист  |b С.  |g Стивен 
801 0 |a RU  |b 63413507  |c 20011209  |g PSBO 
801 2 |a RU  |b 63413507  |c 20140409  |g PSBO 
942 |c BK